Nobelova cena za interdisciplinárny výskum v ekonómii udelená Elinor Ostromovej
Pohľad na vedecko-odbornú činnosť Elinor Ostromovej, nositeľke Nobelovej ceny za ekonómiu.
Salvato in:
| Autore principale: | |
|---|---|
| Natura: | Capitolo di libro |
| Lingua: | slovacco |
| Soggetti: | |
| Tags: |
Nessun Tag, puoi essere il primo ad aggiungerne!!
|
MARC
| LEADER | 00000naa$a2200000$$$4500 | ||
|---|---|---|---|
| 001 | 0107710 | ||
| 005 | 20231102113551.3 | ||
| 041 | 0 | |a slo | |
| 044 | |a SK | ||
| 245 | 1 | 0 | |a Nobelova cena za interdisciplinárny výskum v ekonómii udelená Elinor Ostromovej |c Tatiana Kluvánková-Oravská |
| 520 | |a Pohľad na vedecko-odbornú činnosť Elinor Ostromovej, nositeľke Nobelovej ceny za ekonómiu. | ||
| 610 | 2 | 0 | |a statky verejné |
| 610 | 2 | 0 | |a Nobelova cena |
| 610 | 2 | 0 | |a 2009 |
| 610 | 2 | 0 | |a inštitúcia |
| 610 | 2 | 0 | |a Ostromová, E. |
| 610 | 2 | 0 | |a teórie ekonomické |
| 100 | 1 | |a Kluvánková-Oravská, Tatiana | |